| Tag |
First Indicator |
Second Indicator |
Subfields |
| LEADER |
00000cam a22000001 4500 |
| 001 |
in00000062290 |
| 005 |
20151008051708.0 |
| 008 |
740606r19681909nyu 00000 eng |
| 010 |
|
|
|a 67021886
|
| 035 |
|
|
|a (OCoLC)00387582
|
| 035 |
|
|
|9 AAG9458AM
|
| 040 |
|
|
|a DLC
|c DLC
|d TXA
|d UtOrBLW
|
| 041 |
1 |
|
|a eng
|a ger
|
| 049 |
|
|
|a TXAM
|c [476526]
|
| 050 |
0 |
0 |
|a HX39
|b .S63 1968
|
| 082 |
0 |
|
|a 335
|
| 092 |
|
|
|a 335
|b S693s, 1968
|
| 100 |
1 |
|
|a Sombart, Werner,
|d 1863-1941.
|
| 240 |
1 |
0 |
|a Sozialismus und soziale Bewegung. English
|
| 245 |
1 |
0 |
|a Socialism and the social movement /
|c With introd. and notes by M. Epstein.
|
| 264 |
|
1 |
|a New York :
|b A. M. Kelley,
|c 1968.
|
| 300 |
|
|
|a xvi, 319 pages ;
|c 21 cm.
|
| 336 |
|
|
|a text
|b txt
|2 rdacontent
|
| 337 |
|
|
|a unmediated
|b n
|2 rdamedia
|
| 338 |
|
|
|a volume
|b nc
|2 rdacarrier
|
| 490 |
0 |
|
|a Reprints of economic classics
|
| 500 |
|
|
|a Translation of Sozialismus und soziale Bewegung.
|
| 500 |
|
|
|a Reprint of the 1909 edition, which was translated from the 6th, enl. German edition.
|
| 650 |
|
0 |
|a Socialism.
|
| 999 |
|
|
|a MARS
|
| 999 |
f |
f |
|s 03ba4334-0ba9-35a0-b794-754cf32db36f
|i c263bcfa-10fe-3af2-9219-7c4fe789226e
|t 0
|
| 952 |
f |
f |
|p ric
|a Texas A&M University
|b Rellis Campus
|c Joint Library Facility
|d Remote Storage
|t 0
|e HX39 .S63 1968
|h Library of Congress classification
|i unmediated -- volume
|m A14800744114
|
| 998 |
f |
f |
|a HX39 .S63 1968
|t 0
|l Remote Storage
|